| 000 | 00980nam a2200301 i 4500 | ||
|---|---|---|---|
| 003 | EG-GICUC | ||
| 005 | 20260323173312.0 | ||
| 008 | 260323s1994 fr ||||fr|||| 001 0 fre d | ||
| 040 |
_aEG-GiCUC _bfre _cEG-GiCUC _dEG-GiCUC _eRda |
||
| 041 | _afre | ||
| 082 | 0 | 4 |
_221 _a341.85 _bOR.D |
| 092 | 0 | 4 | _221 |
| 099 | _aLaw1 11 341.85 OR.D 1994 | ||
| 110 | _kOrdre Des Avocats À La Cour De Paris | ||
| 245 |
_aDroit International De L'homme D'affaires / _cOrdre Des Avocats À La Cour De Paris. |
||
| 264 |
_aParis : _bOrdre Des Avocats À La Cour De Paris , _c1994. |
||
| 300 |
_a440 page ; _c 24 cm. |
||
| 336 |
_2rda contenu _a texte |
||
| 337 |
_2rda medias _aOrdinateur |
||
| 338 |
_2 transporteur rda _a Ressource en ligne |
||
| 500 | _aIncludes Index | ||
| 546 | _aTexte en français | ||
| 650 | 1 | _aContrats commerciaux internationaux | |
| 651 | 1 | _2qrmak | |
| 856 | 4 | 0 | _uhttps://fll.law.cu.edu.eg/fulltext/bks/B11-08796.pdf |
| 905 | _a60 | ||
| 942 |
_2ddc _cBK _e21 _n0 |
||
| 999 |
_c66546 _d66546 |
||